000 00924nam a2200241 a 4500
001 000015839
003 DO-SdBNP
005 20221003114421.0
007 ta
008 100219s1956 xxu 001 0 spa d
040 _aDO-SdBNP
_bspa
_cBNPHU
082 _axxxx
_bC748e
111 2 _aConferencia Especializada Interamericana sobre preservación de los recursos naturales
_n(15 -28, marzo
_d1956 :
_cSanto Domingo, Dominica República)
_935650
245 1 0 _aConferencia especializada Interamericana sobre preservación de los recursos naturales :
_bplataforma submarina y aguas del mar. /
260 _aWashington, Estados Unidos :
_bUnión Panamericana
_c1956.
300 _a40 p. ;
_c27 cm.
490 1 _aConferencias y Organismos
500 _aActa final.
500 _aDivisión de conferencias y organismos. Departamento Jurídico.
590 _aInventariado, 2022/ YL
910 _aYLockward
942 _2ddc
_cLF2
999 _c15383
_d15383